000 00404nam a2200157Ia 4500
008 230312s9999||||xx |||||||||||||| ||und||
020 _a0-0747-1442-2
082 _a332.0994
_bVIN-F
100 _aViney;Christopher
245 0 _aFinancial Institution Instruments and Markets
260 _bMcGraw Hill
_aAustralia
_c2006
300 _a735
546 _aEng.
650 _aEconomics
_vFinance
942 _cBK
999 _c7222
_d7222